000 00696nam a2200205Ii 4500
003 JO-AjNU
008 230605s9999||||xx |||||||||||||| ||und||
017 _a1996/10/1433
040 _aJO-AjNU
_bara
_erda
_cJO-AjNU
041 _aara
050 1 4 _aHF5415.5.G42.1996
100 3 _aالغدير،حمد/رشاد الساعد,
_eauthor
_933031
245 0 0 _aسلوك المستهلك:مدخل متكامل
264 3 1 _aعمان:دار زهران ؛1996
300 _a377ص
_bيحتوي على ببلوغرافية من ص373-377ص
336 _atext
_btxt
_2rdacontent
337 _aunmediated
_bn
_2rdamedia
338 _avolume
_bnc
_2rdacarrier
650 4 _aادارة التسويق
_933032
999 _aA13402
_c16970
_d16970